00667 2200229 4500001002100000005001700021008004100038020001400079035002400093082001300117090002500130245004400155250003500199260007300234300001000307500003700317650003100354850001600385980001400401985000600415999001600421YOGYA-0209000006917320090227093204.0 ind  a1411-3821 0010-020900000069173 a307.7205 a307.7205bGanlDEP M aGANESHA : wacana pembangunan masyarakat aVol. v, No. 9 (Desember 2003)- aYogyakartabSekolah Tinggi Pembangunan Masyarakat Desa "APMD"c2003- a24 cm aFrekwensi terbit tidak diketahui aPembangunan Desa - Majalah aYOPDYOG (M) a18-7-2008 a1 a030622CMD11